| 000 | 00429 a2200181 4500 | ||
|---|---|---|---|
| 001 | 066407 | ||
| 003 | OSt | ||
| 005 | 20210928112428.0 | ||
| 008 | |||
| 020 | _a9788131505779 | ||
| 082 |
_a330 _bM31E |
||
| 100 | 1 | _aMankiw, N. Gregory | |
| 245 | 1 |
_aEconomics _cby N. Gregory Mankiw |
|
| 260 |
_aNew Delhi _bCengage Learning _c2007 |
||
| 300 | _a684p. | ||
| 630 | _aEconomics | ||
| 942 |
_2ddc _cBK |
||
| 999 |
_c464 _d464 |
||